[Event "AUT-chT2W 2324"]
[Site "Austria"]
[Date "2024.04.19"]
[Round "9.2"]
[White "Knechtel, Roland"]
[Black "Schmidlechner, Alexander"]
[Result "1-0"]
[WhiteElo "2138"]
[BlackElo "2147"]
[PlyCount "81"]
[EventDate "2023.09.29"]
[EventType "team-tourn"]
[EventRounds "11"]
[EventCountry "AUT"]
[SourceTitle "EXT 2025"]
[Source "ChessBase"]
[SourceDate "2024.10.14"]
[SourceVersion "1"]
[SourceVersionDate "2024.10.14"]
[SourceQuality "1"]
[WhiteTeam "Ranshofen"]
[BlackTeam "Lustenau"]
[WhiteTeamCountry "AUT"]
[BlackTeamCountry "AUT"]

1. d4 d5 2. c4 e6 3. Nc3 Nf6 4. cxd5 exd5 5. Bg5 Be7 6. e3 0-0 7. Qc2 Re8 8. Bd3 Nbd7 9. Nf3 c6 10. 0-0 h6 11. Bf4 Nf8 12. h3 a5 13. Rab1 Ne6 14. Be5 Bd6 15. a3 Bxe5 16. Nxe5 Nd7 17. Nf3 Nf6 18. b4 b5 19. a4 axb4 20. Rxb4 Qd6 21. Rfb1 bxa4 22. Nxa4 Ba6 23. Ne5 Bxd3 24. Qxd3 Ra7 25. Qc2 Rc7 26. Rb6 Rec8 27. Ra6 Ne8 28. Rbb6 Nd8 29. Nc5 Qe7 30. Qa4 Qd6 31. Nb3 f6 32. Nd3 Rb7 33. Rxb7 Nxb7 34. Nb4 Nd8 35. Nc5 Nc7 36. Ra7 Nb5 37. Rd7 Qb8 38. Rxd8+ Rxd8 39. Nxc6 Nc3 40. Qc2 Qa8 41. Nxd8 1-0

[Event "AUT-chT2W 2324"]
[Site "Austria"]
[Date "2023.09.30"]
[Round "2.2"]
[White "Goldbeck, Lars"]
[Black "Knechtel, Roland"]
[Result "1-0"]
[WhiteElo "2259"]
[BlackElo "2138"]
[PlyCount "135"]
[EventDate "2023.09.29"]
[EventType "team-tourn"]
[EventRounds "11"]
[EventCountry "AUT"]
[SourceTitle "CBM 216 Extra"]
[Source "ChessBase"]
[SourceDate "2023.11.30"]
[SourceVersion "1"]
[SourceVersionDate "2023.11.30"]
[SourceQuality "1"]
[WhiteTeam "Salzburg Royal"]
[BlackTeam "Ranshofen"]
[WhiteTeamCountry "AUT"]
[BlackTeamCountry "AUT"]

1. Nf3 Nf6 2. g3 c5 3. Bg2 e6 4. c4 Qc7 5. 0-0 b6 6. d4 Bb7 7. Nc3 a6 8. d5 e5 9. e4 d6 10. Ne1 Nbd7 11. Nd3 Be7 12. Be3 h5 13. h3 h4 14. g4 Nf8 15. Qa4+ N6d7 16. b4 Ng6 17. Rab1 0-0 18. Qb3 Bc8 19. a4 Rb8 20. Qa3 Qd8 21. a5 Bg5 22. Nd1 bxa5 23. Bxg5 Qxg5 24. Qxa5 Qd2 25. N1b2 Nf4 26. Rfd1 Qc3 27. Nxf4 exf4 28. Na4 Qxc4 29. Rdc1 Qd3 30. Nb2 Qd4 31. Nc4 Qf6 32. bxc5 Rxb1 33. Rxb1 Nxc5 34. e5 Qg6 35. Re1 Nb7 36. Qxa6 Qd3 37. exd6 Nxd6 38. Qxd6 Qxc4 39. Qe7 Qa4 40. Qxh4 Bd7 41. Qg5 Re8 42. Rxe8+ Bxe8 43. Qe7 Bd7 44. Be4 g6 45. Kg2 Bb5 46. Qe5 Bd7 47. Qb8+ Kg7 48. Qxf4 Kg8 49. Qb8+ Kg7 50. Qe5+ Kg8 51. Bf3 Qb5 52. Qc7 Kg7 53. h4 Qa4 54. Kg3 Qb5 55. Qe5+ Kg8 56. Qf6 Qb8+ 57. Qf4 Qb5 58. Qc7 Kg7 59. h5 gxh5 60. Qe5+ Kg8 61. gxh5 Qb1 62. Qg5+ Kf8 63. Kg2 Qd3 64. Qh6+ Kg8 65. Qf6 Bb5 66. Qg5+ Kh7 67. Kg3 Qb1 68. h6 1-0

[Event "Arber op 10th"]
[Site "Bodenmais"]
[Date "2023.08.09"]
[Round "5"]
[White "Knechtel, Roland"]
[Black "Burns, Mikala Tristan"]
[Result "0-1"]
[WhiteElo "2192"]
[BlackElo "1699"]
[PlyCount "67"]
[EventDate "2023.08.05"]
[EventType "swiss"]
[EventRounds "9"]
[EventCountry "GER"]
[SourceTitle "EXT 2024"]
[Source "ChessBase"]
[SourceDate "2023.10.10"]
[SourceVersion "1"]
[SourceVersionDate "2023.10.10"]
[SourceQuality "1"]

1. g3 g6 2. Bg2 Bg7 3. e4 d6 4. Nc3 c5 5. d3 Nc6 6. f4 e6 7. Nf3 Nge7 8. 0-0 0-0 9. g4 Rb8 10. Ne2 f5 11. h3 e5 12. gxf5 gxf5 13. c3 Ng6 14. fxe5 dxe5 15. Be3 fxe4 16. Qb3+ Kh8 17. Ng5 Qe7 18. Bxe4 Nf4 19. Bxf4 exf4 20. h4 Be5 21. Rf2 h6 22. Nf3 Be6 23. Qa4 Bd7 24. Qb3 Rg8+ 25. Kh1 Rg4 26. Rg1 Bd6 27. Qd1 Ne5 28. Nh2 Qxh4 29. Qf1 f3 30. Nc1 Rxg1+ 31. Qxg1 Ng4 32. Rxf3 Nxh2 33. Qg6 Nxf3+ 34. Kg2 0-1

[Event "Prague Summer Holiday M1"]
[Site "Prague"]
[Date "2022.07.24"]
[Round "1"]
[White "Knechtel, Roland"]
[Black "Hajek, Zdenek"]
[Result "1-0"]
[WhiteElo "2210"]
[BlackElo "1958"]
[PlyCount "79"]
[EventDate "2022.07.24"]
[EventType "tourn"]
[EventRounds "9"]
[EventCountry "CZE"]
[SourceTitle "CBM 209 Extra"]
[Source "ChessBase"]
[SourceDate "2022.09.30"]
[SourceVersion "1"]
[SourceVersionDate "2022.09.30"]
[SourceQuality "1"]

1. d4 Nf6 2. c4 e6 3. Nc3 d5 4. Bg5 Be7 5. e3 0-0 6. Nf3 Nbd7 7. cxd5 exd5 8. Qc2 c6 9. Bd3 Re8 10. 0-0 Nf8 11. Rab1 Bg4 12. Ne5 Bh5 13. b4 Bg6 14. Nxg6 hxg6 15. b5 c5 16. dxc5 Bxc5 17. Ne2 Rc8 18. Qb2 Ne6 19. Bh4 g5 20. Bg3 d4 21. Rbd1 Qb6 22. e4 Nf4 23. Bxf4 gxf4 24. f3 g5 25. h4 Nh5 26. hxg5 Qg6 27. Kf2 Ng3 28. Nxg3 fxg3+ 29. Ke1 Qxg5 30. f4 Qe7 31. Rb1 Red8 32. Rh1 Ba3 33. Qe2 Qe6 34. Qh5 Kf8 35. Qg5 Ke8 36. e5 Rc3 37. Rh8+ Bf8 38. Rxf8+ Kxf8 39. Qxd8+ Kg7 40. Qxd4 1-0

[Event "AUT-chT2W 1718"]
[Site "Austria"]
[Date "2018.03.11"]
[Round "11.2"]
[White "Gatterer, Florian"]
[Black "Knechtel, Roland"]
[Result "1/2-1/2"]
[WhiteElo "2271"]
[BlackElo "2245"]
[PlyCount "80"]
[EventDate "2017.10.13"]
[EventType "team-tourn"]
[EventRounds "11"]
[EventCountry "AUT"]
[SourceTitle "EXT 2019"]
[Source "ChessBase"]
[SourceDate "2018.10.10"]
[SourceVersion "1"]
[SourceVersionDate "2018.10.10"]
[SourceQuality "1"]
[WhiteTeam "Rochade Rum"]
[BlackTeam "Ranshofen"]
[WhiteTeamCountry "AUT"]
[BlackTeamCountry "AUT"]

1. Nf3 d5 2. c4 e6 3. e3 Nf6 4. Nc3 b6 5. cxd5 Nxd5 6. Nxd5 Qxd5 7. b3 Be7 8. Bb2 0-0 9. Bc4 Qe4 10. Qe2 Bb7 11. 0-0 Rd8 12. d3 Qg4 13. h3 Qh5 14. d4 Nd7 15. Ba6 Be4 16. Nd2 Qxe2 17. Bxe2 Bb7 18. Rac1 c5 19. Bf3 Bxf3 20. Nxf3 Rac8 21. Rfd1 Bf6 22. Ba1 Kf8 23. dxc5 Bxa1 24. c6 Ne5 25. Rxd8+ Rxd8 26. Rxa1 Nxc6 27. Rc1 Rd6 28. Ng5 Nb4 29. a3 Na6 30. Nxh7+ Ke7 31. Ng5 Rd3 32. Rc4 Nc5 33. b4 Na6 34. Ne4 Rxa3 35. b5 Nb8 36. Rc7+ Nd7 37. g4 Kd8 38. Rc2 Ke7 39. Rc7 Kd8 40. Rc2 Ke7 1/2-1/2

[Event "AUT-chT2W 1718"]
[Site "Austria"]
[Date "2018.01.12"]
[Round "6.2"]
[White "Szakolczai, Peter"]
[Black "Knechtel, Roland"]
[Result "1-0"]
[WhiteElo "2222"]
[BlackElo "2245"]
[PlyCount "119"]
[EventDate "2017.10.13"]
[EventType "team-tourn"]
[EventRounds "11"]
[EventCountry "AUT"]
[SourceTitle "EXT 2019"]
[Source "ChessBase"]
[SourceDate "2018.10.10"]
[SourceVersion "1"]
[SourceVersionDate "2018.10.10"]
[SourceQuality "1"]
[WhiteTeam "Dornbirn"]
[BlackTeam "Ranshofen"]
[WhiteTeamCountry "AUT"]
[BlackTeamCountry "AUT"]

1. e4 c6 2. c4 d5 3. exd5 cxd5 4. cxd5 Qxd5 5. Nc3 Qa5 6. Nf3 Nf6 7. d4 e6 8. Bd3 Be7 9. 0-0 Nc6 10. Bd2 0-0 11. a3 a6 12. Re1 Qd8 13. Bg5 h6 14. Bh4 b5 15. Rc1 Bb7 16. Bb1 Qd6 17. Bxf6 Bxf6 18. Ne4 Qf4 19. g3 Qg4 20. Nxf6+ gxf6 21. Re4 Qg7 22. Rh4 Rfd8 23. h3 f5 24. Qd2 Ne7 25. Rc3 Ng6 26. Rxh6 Bxf3 27. Rxf3 Rxd4 28. Rd3 Rxd3 29. Bxd3 Rd8 30. Rxg6 fxg6 31. Qe2 Qd7 32. Bc2 Qd5 33. Qe3 Rd6 34. Bb3 Qd3 35. Bxe6+ Kf8 36. Qh6+ Ke7 37. Ba2 Qe4 38. Qg7+ Kd8 39. Qh8+ Qe8 40. Qc3 Qc6 41. Qh8+ Kc7 42. Qe5 Kb7 43. Bb3 a5 44. a4 bxa4 45. Bxa4 Qd5 46. Qe7+ Kb6 47. Qe8 Ka7 48. Qe7+ Ka6 49. Qc7 Re6 50. Qc8+ Ka7 51. Qc7+ Ka6 52. Qc8+ Kb6 53. Qb8+ Qb7 54. Qd8+ Ka6 55. Qd3+ Ka7 56. Qd4+ Kb8 57. Qd8+ Qc8 58. Qxa5 Qc1+ 59. Kg2 Kb7 60. Qd5+ 1-0

[Event "Arber op 6th"]
[Site "Bodenmais"]
[Date "2017.08.06"]
[Round "9"]
[White "Kolb, Wolfgang"]
[Black "Knechtel, Roland"]
[Result "0-1"]
[WhiteElo "2063"]
[BlackElo "2235"]
[PlyCount "114"]
[EventDate "2017.07.29"]
[EventType "swiss"]
[EventRounds "9"]
[EventCountry "GER"]
[SourceTitle "EXT 2018"]
[Source "ChessBase"]
[SourceDate "2017.10.13"]
[SourceVersion "1"]
[SourceVersionDate "2017.10.13"]
[SourceQuality "1"]

1. d4 g6 2. Nf3 Bg7 3. Bf4 d6 4. c3 Nf6 5. h3 0-0 6. Nbd2 Nbd7 7. e3 b6 8. Be2 Bb7 9. 0-0 e6 10. Qc2 Qe7 11. Bh2 e5 12. dxe5 dxe5 13. Nc4 Ne4 14. Rad1 f5 15. b4 Rae8 16. Ncd2 Kh8 17. Nxe4 Bxe4 18. Qa4 Nb8 19. Nd2 Bd5 20. c4 Be6 21. Nf3 f4 22. exf4 exf4 23. Bd3 Bc3 24. b5 Nd7 25. Qc2 Qg7 26. Rc1 Bb4 27. Ng5 Bg8 28. Be4 Ne5 29. Bd5 Rf5 30. Nf3 Bxd5 31. cxd5 Nxf3+ 32. gxf3 Bd6 33. Rfe1 Ree5 34. Rxe5 Qxe5 35. Rd1 Rg5+ 36. Kf1 Qf5 37. Qxf5 Rxf5 38. Rd4 g5 39. Ke2 Bc5 40. Ra4 Rxd5 41. h4 h6 42. hxg5 hxg5 43. Rxa7 Bd6 44. a4 Kg7 45. Ra8 Kf7 46. Bg1 Ke7 47. Bh2 Bb4 48. Rh8 Rd2+ 49. Kf1 Bd6 50. Ke1 Ra2 51. Ra8 Ke6 52. Rg8 Be7 53. Ra8 Kd5 54. Re8 Bb4+ 55. Kf1 Rxa4 56. Rg8 Be7 57. Rg7 Ke6 0-1

[Event "Arber op 6th"]
[Site "Bodenmais"]
[Date "2017.07.31"]
[Round "3"]
[White "Prusikin, Michael"]
[Black "Knechtel, Roland"]
[Result "1-0"]
[WhiteElo "2517"]
[BlackElo "2235"]
[PlyCount "53"]
[EventDate "2017.07.29"]
[EventType "swiss"]
[EventRounds "9"]
[EventCountry "GER"]
[SourceTitle "CBM 179 Extra"]
[Source "ChessBase"]
[SourceDate "2017.08.23"]
[SourceVersion "1"]
[SourceVersionDate "2017.08.23"]
[SourceQuality "1"]

1. d4 d5 2. c4 c6 3. cxd5 cxd5 4. Bf4 Nc6 5. e3 a6 6. Nc3 Nf6 7. Bd3 Bg4 8. Nge2 e6 9. 0-0 Bd6 10. f3 Bh5 11. Rc1 Bg6 12. Bxd6 Qxd6 13. Nf4 Rc8 14. Na4 Nd7 15. a3 b5 16. Nc5 Nxc5 17. Rxc5 0-0 18. Qd2 Bxd3 19. Nxd3 e5 20. Rfc1 f6 21. dxe5 fxe5 22. Nb4 Ne7 23. Rxc8 Nxc8 24. Rc6 Qb8 25. Qxd5+ Kh8 26. Nxa6 Qb7 27. Rf6 1-0

[Event "Landesliga Sued 1617"]
[Site "Bayern"]
[Date "2017.04.02"]
[Round "8.2"]
[White "Ruecker, Benjamin"]
[Black "Knechtel, Roland"]
[Result "0-1"]
[WhiteElo "2241"]
[BlackElo "2207"]
[PlyCount "116"]
[EventDate "2016.10.16"]
[EventType "team-tourn"]
[EventRounds "9"]
[EventCountry "GER"]
[SourceTitle "EXT 2019"]
[Source "ChessBase"]
[SourceDate "2018.10.10"]
[SourceVersion "1"]
[SourceVersionDate "2018.10.10"]
[SourceQuality "1"]
[WhiteTeam "Garching II"]
[BlackTeam "Roehrnbach"]
[WhiteTeamCountry "GER"]
[BlackTeamCountry "GER"]

1. g3 c5 2. Bg2 e6 3. Nf3 Qc7 4. 0-0 b6 5. d4 Bb7 6. Nc3 a6 7. d5 Nf6 8. Bf4 d6 9. Nh4 e5 10. Bg5 Nbd7 11. a4 g6 12. Qc1 Bg7 13. Bh6 0-0 14. Bxg7 Kxg7 15. Qg5 Ng8 16. e4 h6 17. Qd2 Ne7 18. f4 Rae8 19. Rf2 Bc8 20. Raf1 exf4 21. gxf4 f5 22. e5 Bb7 23. Re1 Nc8 24. e6 Nf6 25. Bf3 Ne7 26. Rg2 Kh7 27. b3 Rg8 28. Rg3 Qb8 29. Ng2 b5 30. Ne3 Rd8 31. Qg2 Qa8 32. Rd1 c4 33. Kh1 cxb3 34. cxb3 Rc8 35. Qd2 b4 36. Ne2 a5 37. Qd4 Rgf8 38. Nc4 Bxd5 39. Bxd5 Nexd5 40. Kg1 Rc6 41. Re1 Qa6 42. Rd3 Rc7 43. Ng3 Re7 44. Rd2 Rc8 45. h3 Rce8 46. Rde2 Kg7 47. Kh2 Kh7 48. Nf1 Nc3 49. Rg2 Rxe6 50. Rxe6 Rxe6 51. Nfd2 Nce4 52. Nxe4 Nxe4 53. Ne3 Qb7 54. Nd5 g5 55. Rc2 Nc5 56. fxg5 hxg5 57. Qd1 Qg7 58. Rg2 Qe5+ 0-1

[Event "AUT-chT2W 1617"]
[Site "Austria"]
[Date "2017.03.05"]
[Round "11.1"]
[White "Knechtel, Roland"]
[Black "Froewis, Georg"]
[Result "1/2-1/2"]
[WhiteElo "2266"]
[BlackElo "2463"]
[PlyCount "71"]
[EventDate "2016.10.28"]
[EventType "team-tourn"]
[EventRounds "11"]
[EventCountry "AUT"]
[SourceTitle "CBM 177 Extra"]
[Source "ChessBase"]
[SourceDate "2017.04.27"]
[SourceVersion "1"]
[SourceVersionDate "2017.04.27"]
[SourceQuality "1"]
[WhiteTeam "Ranshofen"]
[BlackTeam "Hohenems II"]
[WhiteTeamCountry "AUT"]
[BlackTeamCountry "AUT"]

1. c4 e6 2. g3 d5 3. cxd5 exd5 4. Bg2 c6 5. Nf3 Nf6 6. b3 Bd6 7. Bb2 0-0 8. 0-0 Bg4 9. d3 Nbd7 10. Nbd2 Re8 11. Re1 Ne5 12. Nxe5 Bxe5 13. Bxe5 Rxe5 14. Nf3 Re7 15. b4 Qb6 16. Qd2 Rae8 17. h3 Bxf3 18. Bxf3 Nd7 19. Rab1 Qd4 20. Qf4 Qb6 21. b5 Qa5 22. bxc6 bxc6 23. Rec1 Ne5 24. Rc2 h6 25. Bg2 Ng6 26. Qg4 Re6 27. f4 Qa4 28. Rbc1 Qd4+ 29. Kh2 Re3 30. Bf3 Ne7 31. Qd7 Rb8 32. Kg2 Qb6 33. Qd6 Nf5 34. Qxc6 Nd4 35. Qxb6 Rxb6 36. Rd2 1/2-1/2

[Event "Landesliga Sued 1617"]
[Site "Bayern"]
[Date "2017.02.19"]
[Round "6.3"]
[White "Knechtel, Roland"]
[Black "Hahn, Christoph"]
[Result "0-1"]
[WhiteElo "2207"]
[BlackElo "2086"]
[PlyCount "124"]
[EventDate "2016.10.16"]
[EventType "team-tourn"]
[EventRounds "9"]
[EventCountry "GER"]
[SourceTitle "EXT 2019"]
[Source "ChessBase"]
[SourceDate "2018.10.10"]
[SourceVersion "1"]
[SourceVersionDate "2018.10.10"]
[SourceQuality "1"]
[WhiteTeam "Roehrnbach"]
[BlackTeam "Kriegshaber"]
[WhiteTeamCountry "GER"]
[BlackTeamCountry "GER"]

1. d4 e6 2. Nf3 b6 3. c4 Bb7 4. Qc2 f5 5. Nc3 Nf6 6. e3 Be7 7. Ne5 0-0 8. f3 Nc6 9. Nxc6 Bxc6 10. Bd3 Kh8 11. 0-0 Qe8 12. e4 fxe4 13. fxe4 e5 14. d5 Bc5+ 15. Kh1 Ng4 16. Rxf8+ Qxf8 17. h3 Qf2 18. Bg5 Qg3 19. hxg4 Qxg4 20. g3 Qxg5 21. Kg2 Bb7 22. Rf1 a6 23. a3 Rf8 24. b4 Rxf1 25. Bxf1 Bd4 26. Nd1 d6 27. Be2 Bc8 28. Qa4 Qe7 29. c5 dxc5 30. Bxa6 Qd7 31. Qxd7 Bxd7 32. Nf2 Bxf2 33. Kxf2 cxb4 34. axb4 Kg8 35. Bc4 Kf8 36. Ke3 Ke7 37. Kf3 Kf6 38. Bd3 Kg5 39. Bc2 h5 40. Bd3 Bg4+ 41. Kf2 Bd1 42. Bb5 Bc2 43. Kf3 h4 44. gxh4+ Kxh4 45. Bd7 g5 46. Bf5 g4+ 47. Kf2 g3+ 48. Kg2 Bd1 49. Bd7 Bg4 50. Be6 Kg5 51. Kxg3 Bxe6 52. dxe6 Kf6 53. b5 Kxe6 54. Kg4 c5 55. bxc6 b5 56. Kf3 Kd6 57. c7 Kxc7 58. Ke3 Kc6 59. Kd3 Kc5 60. Kc3 b4+ 61. Kd3 Kb5 62. Kd2 Kc4 0-1

[Event "AUT-chT2W 1617"]
[Site "Austria"]
[Date "2016.10.29"]
[Round "2.4"]
[White "Knechtel, Roland"]
[Black "Roth, Peter"]
[Result "1-0"]
[WhiteElo "2266"]
[BlackElo "2128"]
[PlyCount "43"]
[EventDate "2016.10.28"]
[EventType "team-tourn"]
[EventRounds "11"]
[EventCountry "AUT"]
[SourceTitle "EXT 2018"]
[Source "ChessBase"]
[SourceDate "2017.10.13"]
[SourceVersion "1"]
[SourceVersionDate "2017.10.13"]
[SourceQuality "1"]
[WhiteTeam "Ranshofen"]
[BlackTeam "Salzburg ASK"]
[WhiteTeamCountry "AUT"]
[BlackTeamCountry "AUT"]

1. d4 c5 2. d5 g6 3. e4 Bg7 4. Nf3 d6 5. h3 Na6 6. Bb5+ Bd7 7. Bxd7+ Qxd7 8. a4 Nc7 9. 0-0 b5 10. axb5 Nxb5 11. c3 Nf6 12. Re1 0-0 13. Nbd2 Rfb8 14. Nc4 e6 15. Na5 Rb6 16. dxe6 Qxe6 17. e5 Ne8 18. Ng5 Qd7 19. e6 fxe6 20. Nxe6 Qf7 21. Ng5 Qd7 22. Qd5+ 1-0

[Event "Regionalliga SO 1516"]
[Site "Bayern"]
[Date "2016.04.10"]
[Round "9.3"]
[White "Kieffer, Joachim"]
[Black "Knechtel, Roland"]
[Result "1-0"]
[WhiteElo "2108"]
[BlackElo "2225"]
[PlyCount "39"]
[EventDate "2015.10.11"]
[EventType "team-tourn"]
[EventRounds "9"]
[EventCountry "GER"]
[SourceTitle "EXT 2018"]
[Source "ChessBase"]
[SourceDate "2017.10.13"]
[SourceVersion "1"]
[SourceVersionDate "2017.10.13"]
[SourceQuality "1"]
[WhiteTeam "Bruckmuehl"]
[BlackTeam "Roehrnbach"]
[WhiteTeamCountry "GER"]
[BlackTeamCountry "GER"]

1. d4 Nf6 2. c4 c6 3. Nc3 d5 4. e3 a6 5. Nf3 Bf5 6. Be2 h6 7. 0-0 Nbd7 8. cxd5 Nxd5 9. Nxd5 cxd5 10. Qb3 Nb6 11. Bd2 Rc8 12. Ba5 Rc6 13. Rac1 Rf6 14. Ne5 g5 15. Bxb6 Qxb6 16. Qa4+ Kd8 17. Bd3 Be6 18. Rc5 Qxb2 19. Rfc1 Bh3 20. Rc8+ 1-0

[Event "Regionalliga SO 1516"]
[Site "Bayern"]
[Date "2016.03.13"]
[Round "8.4"]
[White "Kreilinger, Erich"]
[Black "Knechtel, Roland"]
[Result "0-1"]
[WhiteElo "1741"]
[BlackElo "2225"]
[PlyCount "106"]
[EventDate "2015.10.11"]
[EventType "team-tourn"]
[EventRounds "9"]
[EventCountry "GER"]
[SourceTitle "EXT 2018"]
[Source "ChessBase"]
[SourceDate "2017.10.13"]
[SourceVersion "1"]
[SourceVersionDate "2017.10.13"]
[SourceQuality "1"]
[WhiteTeam "Geiselhoering"]
[BlackTeam "Roehrnbach"]
[WhiteTeamCountry "GER"]
[BlackTeamCountry "GER"]

1. d4 d5 2. Nf3 Nf6 3. e3 Bf5 4. Bd3 Bg6 5. Ne5 e6 6. Qe2 a6 7. Nd2 c5 8. Nxg6 hxg6 9. c3 Nc6 10. b3 Qc7 11. g3 b5 12. Bb2 Be7 13. e4 cxd4 14. cxd4 Qb6 15. e5 Nd7 16. Qg4 Nb4 17. Qe2 Rc8 18. 0-0 0-0 19. Nf3 Nb8 20. Bb1 Rc7 21. a3 N4c6 22. Bd3 Na5 23. Qd1 Rd8 24. h4 b4 25. a4 Nc4 26. Bc1 Na3 27. Bb2 Nc6 28. h5 gxh5 29. Qe2 Na5 30. Nd2 g6 31. Bxa6 Rb8 32. Bd3 Bg5 33. f4 Bd8 34. Kg2 Nc2 35. Bxc2 Rxc2 36. Rab1 Nxb3 37. Rfd1 Rbc8 38. Qd3 Nxd2 39. Rxd2 b3 40. Kh3 Qb4 41. Rdd1 h4 42. Ba1 b2 43. Bxb2 Rxb2 44. Rxb2 Qxb2 45. Rb1 Qf2 46. Rf1 Qxg3+ 47. Qxg3 hxg3 48. Rb1 Kg7 49. Kxg3 Rc4 50. Rd1 Bb6 51. a5 Bxd4 52. a6 Ra4 53. Kf3 Ba7 0-1

[Event "Donau op 24th"]
[Site "Aschach"]
[Date "2015.12.31"]
[Round "7"]
[White "Vidic, Teja"]
[Black "Knechtel, Roland"]
[Result "1/2-1/2"]
[WhiteElo "2112"]
[BlackElo "2284"]
[PlyCount "100"]
[EventDate "2015.12.26"]
[EventType "swiss"]
[EventRounds "7"]
[EventCountry "AUT"]
[SourceTitle "CBM 170 Extra"]
[Source "ChessBase"]
[SourceDate "2016.02.25"]
[SourceVersion "1"]
[SourceVersionDate "2016.02.25"]
[SourceQuality "1"]

1. e4 c6 2. d4 d5 3. exd5 cxd5 4. c4 Nf6 5. Nc3 Nc6 6. Bg5 Be6 7. Be2 h6 8. Bxf6 exf6 9. Bf3 Bb4 10. Nge2 0-0 11. 0-0 Ne7 12. c5 Qd7 13. a3 Ba5 14. b4 Bc7 15. b5 Bg4 16. Bxg4 Qxg4 17. Ng3 Qh4 18. Re1 Rfe8 19. Qd3 f5 20. Re2 Red8 21. Rae1 Ng6 22. Re3 Bxg3 23. hxg3 Qg5 24. Qd1 f4 25. gxf4 Nxf4 26. Qf3 Ne6 27. Re5 Qh4 28. Nxd5 Nxd4 29. Ne7+ Qxe7 30. Rxe7 Nxf3+ 31. gxf3 Rab8 32. Rc7 Rdc8 33. Ree7 Rxc7 34. Rxc7 g5 35. a4 Kg7 36. a5 h5 37. Kg2 Kg6 38. Kg3 f6 39. f4 Kf5 40. fxg5 fxg5 41. Rf7+ Kg6 42. Rc7 Kf5 43. f3 g4 44. fxg4+ hxg4 45. b6 axb6 46. cxb6 Ra8 47. Rc5+ Ke4 48. Kxg4 Kd4 49. Rc7 Rxa5 50. Rxb7 Kc5 1/2-1/2

[Event "Donau op 24th"]
[Site "Aschach"]
[Date "2015.12.30"]
[Round "6"]
[White "Knechtel, Roland"]
[Black "Mazi, Leon"]
[Result "0-1"]
[WhiteElo "2284"]
[BlackElo "2411"]
[PlyCount "46"]
[EventDate "2015.12.26"]
[EventType "swiss"]
[EventRounds "7"]
[EventCountry "AUT"]
[SourceTitle "CBM 170 Extra"]
[Source "ChessBase"]
[SourceDate "2016.02.25"]
[SourceVersion "1"]
[SourceVersionDate "2016.02.25"]
[SourceQuality "1"]

1. d4 f5 2. Nf3 Nf6 3. c4 g6 4. Nc3 Bg7 5. e3 d6 6. Be2 0-0 7. b4 c5 8. a3 e5 9. Bb2 e4 10. Nd2 cxd4 11. exd4 Qe7 12. Nb3 f4 13. Qd2 f3 14. Bf1 Ng4 15. Nd5 Qf7 16. g3 e3 17. fxe3 f2+ 18. Kd1 Qf3+ 19. Kc2 Qxh1 20. Ne7+ Kh8 21. Nxc8 Rxc8 22. d5 Qe4+ 23. Bd3 Nxe3+ 0-1

[Event "Regionalliga SO 1516"]
[Site "Bayern"]
[Date "2015.10.25"]
[Round "2.5"]
[White "Lettl, Gerhard"]
[Black "Knechtel, Roland"]
[Result "1/2-1/2"]
[WhiteElo "2001"]
[BlackElo "2225"]
[PlyCount "101"]
[EventDate "2015.10.11"]
[EventType "team-tourn"]
[EventRounds "9"]
[EventCountry "GER"]
[SourceTitle "EXT 2018"]
[Source "ChessBase"]
[SourceDate "2017.10.13"]
[SourceVersion "1"]
[SourceVersionDate "2017.10.13"]
[SourceQuality "1"]
[WhiteTeam "Tegernsee"]
[BlackTeam "Roehrnbach"]
[WhiteTeamCountry "GER"]
[BlackTeamCountry "GER"]

1. e4 c6 2. d4 d5 3. Nc3 dxe4 4. Nxe4 Bf5 5. Ng3 Bg6 6. h4 h6 7. Nf3 Nd7 8. h5 Bh7 9. Bd3 Bxd3 10. Qxd3 e6 11. Bf4 Qa5+ 12. Bd2 Bb4 13. c3 Be7 14. c4 Qc7 15. 0-0-0 b5 16. Kb1 bxc4 17. Qxc4 Ngf6 18. Rc1 Rc8 19. d5 Nxd5 20. Qg4 Ne5 21. Nxe5 Qxe5 22. Rhe1 Qb8 23. Ne4 Kf8 24. Nc5 Bxc5 25. Rxc5 Qd6 26. Rec1 f6 27. Bb4 Nxb4 28. Qxb4 Kf7 29. Qe4 f5 30. Qc4 Kf6 31. Qc3+ Kf7 32. Qb3 g6 33. hxg6+ Kxg6 34. Rd1 Qe7 35. Re5 Rhe8 36. Rde1 Qd7 37. Rxe6+ Rxe6 38. Rxe6+ Kh7 39. a3 Rg8 40. g3 Rg6 41. Re5 Rf6 42. Qe3 Kg6 43. f4 a6 44. g4 Qd1+ 45. Ka2 Qxg4 46. Re8 Kh5 47. Qf2 Rg6 48. Qh2+ Qh4 49. Qe2+ Qg4 50. Qh2+ Qh4 51. Qe2+ 1/2-1/2

[Event "Regionalliga SO 1516"]
[Site "Bayern"]
[Date "2015.10.11"]
[Round "1.5"]
[White "Knechtel, Roland"]
[Black "Kampert, Andreas"]
[Result "1-0"]
[WhiteElo "2225"]
[BlackElo "2021"]
[PlyCount "95"]
[EventDate "2015.10.11"]
[EventType "team-tourn"]
[EventRounds "9"]
[EventCountry "GER"]
[SourceTitle "EXT 2018"]
[Source "ChessBase"]
[SourceDate "2017.10.13"]
[SourceVersion "1"]
[SourceVersionDate "2017.10.13"]
[SourceQuality "1"]
[WhiteTeam "Roehrnbach"]
[BlackTeam "Ilmmuenster"]
[WhiteTeamCountry "GER"]
[BlackTeamCountry "GER"]

1. d4 Nf6 2. c4 g6 3. Nf3 Bg7 4. Nc3 0-0 5. Bg5 d6 6. e3 h6 7. Bh4 g5 8. Bg3 Nh5 9. Qc2 f5 10. Be2 e6 11. Nd2 Nxg3 12. hxg3 c5 13. Nb3 Qe7 14. Rd1 Nc6 15. a3 cxd4 16. Nxd4 Nxd4 17. exd4 Bd7 18. 0-0 g4 19. Rfe1 h5 20. Bf1 Qf6 21. Qb3 b6 22. Qb4 Rf7 23. Qxd6 h4 24. gxh4 Qxh4 25. g3 Qh5 26. Ne2 Bf8 27. Qe5 Rh7 28. Bg2 Re8 29. Nf4 Qh2+ 30. Kf1 Bg7 31. Qe3 Qh6 32. b3 Bf8 33. Nd3 Qf6 34. a4 Bd6 35. c5 Bc7 36. c6 Bc8 37. b4 Rf7 38. Ne5 Rfe7 39. b5 Kg7 40. Rd2 Bd6 41. Qc3 Bc7 42. Rde2 Kg8 43. Nd7 Qh8 44. Qc4 Bxd7 45. cxd7 Rxd7 46. Rxe6 Rxe6 47. Qxe6+ Rf7 48. Bd5 1-0

[Event "AUT-chT2M 1516"]
[Site "Austria"]
[Date "2015.10.02"]
[Round "1.1"]
[White "Schachinger, Mario"]
[Black "Knechtel, Roland"]
[Result "1-0"]
[WhiteElo "2439"]
[BlackElo "2289"]
[PlyCount "85"]
[EventDate "2015.10.02"]
[EventType "team-tourn"]
[EventRounds "11"]
[EventCountry "AUT"]
[SourceTitle "CBM 168 Extra"]
[Source "ChessBase"]
[SourceDate "2015.10.29"]
[SourceVersion "1"]
[SourceVersionDate "2015.10.29"]
[SourceQuality "1"]
[WhiteTeam "Maria Saal II"]
[BlackTeam "Sauwald II"]
[WhiteTeamCountry "AUT"]
[BlackTeamCountry "AUT"]

1. d4 d5 2. c4 dxc4 3. e4 e5 4. Nf3 exd4 5. Bxc4 Bb4+ 6. Nbd2 Nc6 7. 0-0 Bg4 8. Qb3 Qd7 9. Bd5 a5 10. a3 Bxd2 11. Qxb7 Rb8 12. Qxc6 Bxc1 13. Qxc1 Qd6 14. Nxd4 Ne7 15. Nc6 Nxc6 16. Bxc6+ Kf8 17. Qc3 h5 18. Rac1 Rh6 19. h3 Be2 20. Rfe1 Bb5 21. Bxb5 Rxb5 22. Red1 Qe7 23. Qxc7 Qxc7 24. Rxc7 Kg8 25. Rd8+ Kh7 26. Rxf7 Rxb2 27. Rdd7 Rg6 28. Rd5 Re6 29. Rxa5 Rxe4 30. Raa7 Re1+ 31. Kh2 Ree2 32. Rxg7+ Kh6 33. Rh7+ Kg6 34. Rag7+ Kf6 35. Rg8 Ra2 36. Rxh5 Kf7 37. Rhh8 Rxa3 38. Rf8+ Kg7 39. Rhg8+ Kh7 40. Rg4 Raa2 41. Rf5 Kh6 42. Kg3 Rac2 43. Kh4 1-0